[Event "World Chess Olympiad 2018"]
[Site "Batumi"]
[Date "2018.09.24"]
[Round "1"]
[Board "2"]
[WhiteFideId "15400344"]
[White "Ieong Seak Hin"]
[BlackFideId "13608207"]
[Black "Oboladze Luka"]
[Result "0-1"]
[LiveChessVersion "1.4.8"]
[BlackElo "2340"]
[WhiteElo "1825"]

1. e4 {[%clk 1:30:45]} c5 {[%clk 1:30:50]} 2. d3 {[%clk 1:31:12]} Nc6
{[%clk 1:30:41]} 3. g3 {[%clk 1:31:38]} g6 {[%clk 1:31:01]} 4. Bg2
{[%clk 1:31:50]} Bg7 {[%clk 1:31:20]} 5. f4 {[%clk 1:32:15]} e6 {[%clk 1:31:15]}
6. Nf3 {[%clk 1:32:21]} Nge7 {[%clk 1:31:29]} 7. O-O {[%clk 1:32:08]} O-O
{[%clk 1:31:46]} 8. c3 {[%clk 1:32:30]} d5 {[%clk 1:31:03]} 9. Nbd2
{[%clk 1:30:18]} b6 {[%clk 1:29:10]} 10. Re1 {[%clk 1:22:40]} Ba6
{[%clk 1:26:17]} 11. Nb3 {[%clk 1:06:07]} dxe4 {[%clk 1:13:51]} 12. dxe4
{[%clk 1:06:11]} Qc7 {[%clk 1:09:44]} 13. Be3 {[%clk 1:03:58]} Rad8
{[%clk 1:08:43]} 14. Nbd2 {[%clk 1:04:06]} e5 {[%clk 0:53:41]} 15. Qa4
{[%clk 1:01:55]} Qc8 {[%clk 0:47:50]} 16. fxe5 {[%clk 0:59:22]} Nxe5
{[%clk 0:45:32]} 17. Nxe5 {[%clk 0:59:39]} Bxe5 {[%clk 0:45:54]} 18. Nf3
{[%clk 0:59:34]} Bg7 {[%clk 0:43:00]} 19. Ng5 {[%clk 0:56:11]} Nc6
{[%clk 0:41:19]} 20. Rad1 {[%clk 0:35:07]} Ne5 {[%clk 0:39:31]} 21. Rd5
{[%clk 0:31:33]} h6 {[%clk 0:34:15]} 22. Nh3 {[%clk 0:28:17]} g5 {[%clk 0:20:19]}
23. Red1 {[%clk 0:25:11]} Be2 {[%clk 0:14:11]} 24. R1d2 {[%clk 0:23:06]} Nf3+
{[%clk 0:12:38]} 25. Bxf3 {[%clk 0:19:51]} Bxf3 {[%clk 0:13:03]} 26. Nf2
{[%clk 0:18:24]} Rxd5 {[%clk 0:10:53]} 27. Rxd5 {[%clk 0:17:34]} Qe6
{[%clk 0:06:48]} 28. Rd7 {[%clk 0:15:29]} a5 {[%clk 0:05:13]} 29. Rc7
{[%clk 0:11:16]} Rd8 {[%clk 0:03:05]} 30. Rc6 {[%clk 0:09:15]} Rd6
{[%clk 0:02:17]} 31. Rxd6 {[%clk 0:06:58]} Qxd6 {[%clk 0:02:45]} 32. Qe8+
{[%clk 0:07:21]} Bf8 {[%clk 0:02:49]} 33. e5 {[%clk 0:04:59]} Qd5
{[%clk 0:02:52]} 34. b3 {[%clk 0:02:37]} c4 {[%clk 0:02:48]} 35. e6
{[%clk 0:02:13]} fxe6 {[%clk 0:02:27]} 36. Qg6+ {[%clk 0:02:40]} Bg7
{[%clk 0:02:47]} 37. Bd4 {[%clk 0:01:46]} e5 {[%clk 0:01:59]} 38. bxc4
{[%clk 0:02:11]} Qf7 {[%clk 0:00:48]} 39. Qxf7+ {[%clk 0:02:35]} Kxf7
{[%clk 0:01:16]} 40. Bxb6 {[%clk 0:33:00]} a4 {[%clk 0:31:19]} 41. c5
{[%clk 0:32:47]} Ke6 {[%clk 0:31:11]} 42. c4 {[%clk 0:26:46]} Be2
{[%clk 0:18:25]} 43. c6 {[%clk 0:22:47]} Bxc4 {[%clk 0:18:00]} 44. Ne4
{[%clk 0:22:39]} Bf8 {[%clk 0:13:08]} 45. c7 {[%clk 0:19:58]} Kd7
{[%clk 0:13:01]} 46. Nc3 {[%clk 0:18:20]} a3 {[%clk 0:12:56]} 47. Kf2
{[%clk 0:15:50]} Bb4 {[%clk 0:12:27]} 48. Ne4 {[%clk 0:15:39]} Bxa2
{[%clk 0:12:20]} 49. Nc5+ {[%clk 0:12:32]} Kc8 {[%clk 0:12:34]} 50. Nd3
{[%clk 0:12:55]} Bd6 {[%clk 0:12:49]} 51. Ke3 {[%clk 0:13:04]} Bc4
{[%clk 0:12:57]} 52. Ba5 {[%clk 0:12:29]} Bxc7 {[%clk 0:12:24]} 53. Bc3
{[%clk 0:11:51]} Bb6+ {[%clk 0:12:38]} 54. Kd2 {[%clk 0:11:38]} Bxd3
{[%clk 0:12:55]} 55. Kxd3 {[%clk 0:11:59]} Bd4 {[%clk 0:13:10]} 0-1

[Event "World Chess Olympiad 2018"]
[Site "Batumi"]
[Date "2018.09.24"]
[Round "1"]
[Board "3"]
[WhiteFideId "13611216"]
[White "Petriashvili Nikoloz"]
[BlackFideId "15400166"]
[Black "Mak Tong Kuan"]
[Result "1-0"]
[LiveChessVersion "1.4.8"]
[BlackElo "1840"]
[WhiteElo "2343"]

1. d4 {[%clk 1:30:09]} Nf6 {[%clk 1:30:21]} 2. Nf3 {[%clk 1:30:29]} e6
{[%clk 1:29:56]} 3. c4 {[%clk 1:28:32]} d5 {[%clk 1:29:37]} 4. Nc3
{[%clk 1:28:00]} Be7 {[%clk 1:27:32]} 5. Bf4 {[%clk 1:27:10]} c6 {[%clk 1:22:53]}
6. e3 {[%clk 1:23:07]} Nbd7 {[%clk 1:18:16]} 7. h3 {[%clk 1:19:00]} Nf8
{[%clk 1:14:37]} 8. Qc2 {[%clk 1:16:40]} Ng6 {[%clk 1:14:45]} 9. Bh2
{[%clk 1:15:05]} O-O {[%clk 1:11:43]} 10. O-O-O {[%clk 1:15:11]} a6
{[%clk 1:06:54]} 11. c5 {[%clk 1:08:22]} Nd7 {[%clk 0:58:01]} 12. h4
{[%clk 1:04:44]} Re8 {[%clk 0:52:36]} 13. h5 {[%clk 1:00:05]} Ngf8
{[%clk 0:53:00]} 14. g4 {[%clk 1:00:32]} e5 {[%clk 0:47:29]} 15. dxe5
{[%clk 0:43:00]} Nxc5 {[%clk 0:40:55]} 16. Rg1 {[%clk 0:43:26]} Qa5
{[%clk 0:24:37]} 17. Nd4 {[%clk 0:41:24]} Nfe6 {[%clk 0:19:02]} 18. f4
{[%clk 0:39:31]} Ne4 {[%clk 0:11:10]} 19. Nxe4 {[%clk 0:26:04]} dxe4
{[%clk 0:08:25]} 20. Bc4 {[%clk 0:25:11]} Nc5 {[%clk 0:02:52]} 21. Kb1
{[%clk 0:24:37]} Be6 {[%clk 0:02:35]} 22. Nxe6 {[%clk 0:21:19]} fxe6
{[%clk 0:02:17]} 23. Bg3 {[%clk 0:20:58]} b5 {[%clk 0:01:58]} 24. Be2
{[%clk 0:19:22]} Qb6 {[%clk 0:01:16]} 25. Rd4 {[%clk 0:17:26]} Rad8
{[%clk 0:00:46]} 26. Rxe4 {[%clk 0:13:52]} Nxe4 {[%clk 0:00:55]} 27. Qxe4
{[%clk 0:14:21]} Rd2 {[%clk 0:00:59]} 28. Bd3 {[%clk 0:14:26]} Rxd3
{[%clk 0:01:17]} 29. Qxd3 {[%clk 0:14:54]} Rd8 {[%clk 0:01:33]} 30. Qe2
{[%clk 0:14:04]} Bc5 {[%clk 0:00:49]} 31. Bf2 {[%clk 0:11:29]} Rd5
{[%clk 0:01:06]} 32. Rc1 {[%clk 0:11:53]} Qa5 {[%clk 0:00:59]} 33. Qc2
{[%clk 0:10:20]} Rd2 {[%clk 0:00:34]} 34. Qxc5 {[%clk 0:10:44]} Rxf2
{[%clk 0:01:00]} 35. Qxc6 {[%clk 0:10:46]} Kf7 {[%clk 0:00:31]} 36. Qd7+
{[%clk 0:11:11]} 1-0

[Event "World Chess Olympiad 2018"]
[Site "Batumi"]
[Date "2018.09.24"]
[Round "1"]
[Board "4"]
[WhiteFideId "15400212"]
[White "Celis Joel"]
[BlackFideId "13611860"]
[Black "Kacharava Nikolozi"]
[Result "0-1"]
[LiveChessVersion "1.4.8"]
[BlackElo "2373"]
[WhiteElo "1840"]

1. Nf3 {[%clk 1:30:50]} Nf6 {[%clk 1:30:51]} 2. b3 {[%clk 1:30:49]} g6
{[%clk 1:31:04]} 3. Bb2 {[%clk 1:31:01]} Bg7 {[%clk 1:31:13]} 4. e3
{[%clk 1:30:35]} c5 {[%clk 1:31:27]} 5. Be2 {[%clk 1:28:25]} O-O {[%clk 1:30:38]}
6. O-O {[%clk 1:28:48]} b6 {[%clk 1:29:40]} 7. d3 {[%clk 1:24:46]} Bb7
{[%clk 1:29:34]} 8. Nbd2 {[%clk 1:22:17]} Nc6 {[%clk 1:29:08]} 9. Ne5
{[%clk 1:18:00]} Qc7 {[%clk 1:26:52]} 10. Nxc6 {[%clk 0:59:49]} Bxc6
{[%clk 1:26:58]} 11. Nc4 {[%clk 0:53:59]} h5 {[%clk 1:10:25]} 12. h3
{[%clk 0:40:15]} Bb7 {[%clk 1:04:19]} 13. Bf3 {[%clk 0:37:33]} d5
{[%clk 1:02:41]} 14. Be5 {[%clk 0:36:55]} Qd7 {[%clk 0:56:23]} 15. Nd2
{[%clk 0:35:29]} Rac8 {[%clk 0:51:25]} 16. a4 {[%clk 0:21:54]} Qf5
{[%clk 0:50:01]} 17. Bb2 {[%clk 0:13:32]} e5 {[%clk 0:44:25]} 18. a5
{[%clk 0:07:09]} Rfd8 {[%clk 0:40:17]} 19. axb6 {[%clk 0:05:09]} axb6
{[%clk 0:39:33]} 20. Ra7 {[%clk 0:04:29]} Bc6 {[%clk 0:38:09]} 21. Qa1
{[%clk 0:03:52]} Nh7 {[%clk 0:21:43]} 22. e4 {[%clk 0:02:47]} dxe4
{[%clk 0:18:03]} 23. Bxe4 {[%clk 0:03:07]} Bxe4 {[%clk 0:16:59]} 24. Nxe4
{[%clk 0:03:31]} f6 {[%clk 0:11:47]} 25. Qa6 {[%clk 0:02:37]} Rb8
{[%clk 0:11:29]} 26. Rc7 {[%clk 0:01:18]} Nf8 {[%clk 0:08:58]} 27. Qa7
{[%clk 0:01:02]} Nd7 {[%clk 0:07:34]} 28. Nd6 {[%clk 0:00:46]} Qe6
{[%clk 0:07:44]} 29. Nc4 {[%clk 0:00:36]} b5 {[%clk 0:06:28]} 30. Na3
{[%clk 0:00:45]} Bf8 {[%clk 0:04:54]} 31. f4 {[%clk 0:00:32]} exf4
{[%clk 0:03:36]} 32. Rxf4 Bd6 {[%clk 0:03:10]} 33. Re4 {[%clk 0:00:58]} Qf7
{[%clk 0:02:23]} 34. Rc6 {[%clk 0:00:54]} Ra8 {[%clk 0:02:15]} 35. Qxa8
{[%clk 0:01:16]} Rxa8 {[%clk 0:02:40]} 36. Rxd6 {[%clk 0:01:41]} b4
{[%clk 0:02:05]} 37. Nc4 {[%clk 0:02:03]} Re8 {[%clk 0:01:10]} 38. Rxe8+
{[%clk 0:00:42]} Qxe8 {[%clk 0:01:36]} 39. Bxf6 {[%clk 0:00:34]} Qe1+
{[%clk 0:01:09]} 40. Kh2 {[%clk 0:30:54]} Nxf6 {[%clk 0:30:55]} 41. Rxf6
{[%clk 0:31:19]} Kg7 {[%clk 0:30:07]} 42. Rf3 {[%clk 0:26:33]} Qe2
{[%clk 0:25:18]} 43. Ne3 {[%clk 0:26:36]} g5 {[%clk 0:24:24]} 44. Nf5+
{[%clk 0:18:57]} Kg6 {[%clk 0:24:04]} 45. Ne3 {[%clk 0:19:14]} Qd2
{[%clk 0:19:48]} 46. Kg3 {[%clk 0:16:37]} h4+ {[%clk 0:16:59]} 47. Kh2
{[%clk 0:16:57]} Qc1 {[%clk 0:16:53]} 48. g4 {[%clk 0:08:07]} Qe1
{[%clk 0:14:17]} 49. Nc4 {[%clk 0:05:19]} Qe2+ {[%clk 0:14:00]} 50. Kg1
{[%clk 0:05:31]} Qxc2 {[%clk 0:13:51]} 51. Rf5 {[%clk 0:02:46]} Qxb3
{[%clk 0:13:11]} 52. Rxc5 {[%clk 0:02:20]} Qd1+ {[%clk 0:13:15]} 53. Kf2
{[%clk 0:02:34]} b3 {[%clk 0:10:45]} 54. Rb5 {[%clk 0:02:10]} Qc2+
{[%clk 0:09:40]} 55. Ke3 {[%clk 0:01:54]} Qg2 {[%clk 0:09:04]} 56. Rxb3
{[%clk 0:00:56]} Qxh3+ {[%clk 0:09:18]} 57. Kf2 {[%clk 0:00:34]} Qg3+
{[%clk 0:09:14]} 58. Kf1 {[%clk 0:00:41]} h3 {[%clk 0:09:08]} 59. Rb6+
{[%clk 0:00:44]} Kg7 {[%clk 0:09:06]} 60. Rb5 {[%clk 0:00:33]} Qf4+
{[%clk 0:09:01]} 61. Ke2 {[%clk 0:00:35]} Qxg4+ {[%clk 0:09:17]} 62. Ke3
{[%clk 0:00:44]} Qg3+ {[%clk 0:09:15]} 63. Kd4 {[%clk 0:00:43]} h2
{[%clk 0:09:37]} 64. Rb7+ {[%clk 0:00:33]} Kg8 {[%clk 0:09:54]} 0-1

[Event "World Chess Olympiad 2018"]
[Site "Batumi"]
[Date "2018.09.24"]
[Round "1"]
[Board "1"]
[WhiteFideId "32500084"]
[White "Deng Cypriano Rehan"]
[BlackFideId "2500914"]
[Black "Baburin Alexander"]
[Result "0-1"]
[LiveChessVersion "1.4.8"]
[BlackElo "2452"]
[WhiteElo "2095"]

1. e4 {[%clk 1:28:15]} Nf6 {[%clk 1:30:07]} 2. e5 {[%clk 1:24:38]} Nd5
{[%clk 1:30:11]} 3. d4 {[%clk 1:24:42]} d6 {[%clk 1:30:34]} 4. Nf3
{[%clk 1:24:59]} Bg4 {[%clk 1:29:07]} 5. Be2 {[%clk 1:24:43]} e6 {[%clk 1:29:21]}
6. O-O {[%clk 1:23:34]} Be7 {[%clk 1:29:03]} 7. a4 {[%clk 1:21:50]} a5
{[%clk 1:20:18]} 8. exd6 {[%clk 1:20:03]} cxd6 {[%clk 1:16:34]} 9. Na3
{[%clk 1:20:02]} O-O {[%clk 1:16:07]} 10. c3 {[%clk 1:19:25]} Nc6
{[%clk 1:02:05]} 11. Re1 {[%clk 1:14:43]} Rc8 {[%clk 0:41:33]} 12. h3
{[%clk 1:10:46]} Bh5 {[%clk 0:40:09]} 13. Qb3 {[%clk 1:09:21]} Qb6
{[%clk 0:37:03]} 14. Nb5 {[%clk 1:06:23]} Nf6 {[%clk 0:32:42]} 15. Be3
{[%clk 1:05:14]} d5 {[%clk 0:32:03]} 16. Bf4 {[%clk 1:05:18]} Ne4
{[%clk 0:29:05]} 17. Ne5 {[%clk 1:00:25]} Nxe5 {[%clk 0:26:29]} 18. Bxe5
{[%clk 1:00:26]} Bg6 {[%clk 0:23:06]} 19. Qd1 {[%clk 0:49:04]} Nd6
{[%clk 0:16:55]} 20. Bxd6 {[%clk 0:46:01]} Bxd6 {[%clk 0:17:13]} 21. Nxd6
{[%clk 0:46:16]} Qxd6 {[%clk 0:17:33]} 22. Bb5 {[%clk 0:46:41]} Qf4
{[%clk 0:13:38]} 23. Re3 {[%clk 0:46:27]} Be4 {[%clk 0:12:42]} 24. Qe1
{[%clk 0:45:28]} h5 {[%clk 0:10:31]} 25. f3 {[%clk 0:44:35]} Bg6 {[%clk 0:09:54]}
26. Qf2 {[%clk 0:44:12]} h4 {[%clk 0:09:15]} 27. Rae1 {[%clk 0:43:01]} Bf5
{[%clk 0:09:12]} 28. Kh1 {[%clk 0:41:30]} g6 {[%clk 0:09:11]} 29. Qg1
{[%clk 0:40:59]} Kg7 {[%clk 0:08:55]} 30. Qh2 {[%clk 0:40:56]} Qxh2+
{[%clk 0:09:14]} 31. Kxh2 {[%clk 0:41:23]} Bc2 {[%clk 0:05:54]} 32. Kg1
{[%clk 0:40:51]} Bb3 {[%clk 0:05:46]} 33. Kf2 {[%clk 0:40:00]} Bc4
{[%clk 0:05:26]} 34. f4 {[%clk 0:39:01]} Bxb5 {[%clk 0:04:22]} 35. axb5
{[%clk 0:37:36]} a4 {[%clk 0:04:43]} 36. Ra1 {[%clk 0:36:58]} Ra8
{[%clk 0:02:53]} 37. Kf3 {[%clk 0:37:06]} b6 {[%clk 0:02:16]} 38. Ra3
{[%clk 0:36:00]} Ra5 {[%clk 0:02:19]} 39. b4 {[%clk 0:33:43]} axb3
{[%clk 0:02:37]} 40. Rxb3 {[%clk 1:04:00]} Ra2 {[%clk 0:31:54]} 41. Re2
{[%clk 0:54:01]} Rxe2 {[%clk 0:28:39]} 42. Kxe2 {[%clk 0:54:15]} Ra8
{[%clk 0:29:08]} 43. Rb2 {[%clk 0:46:01]} Kf6 {[%clk 0:28:37]} 44. Kd3
{[%clk 0:44:57]} Kf5 {[%clk 0:28:35]} 45. Ke3 {[%clk 0:41:21]} Ra3
{[%clk 0:27:48]} 46. Kd3 {[%clk 0:41:21]} Ra1 {[%clk 0:26:01]} 47. Rf2
{[%clk 0:39:51]} Rb1 {[%clk 0:23:04]} 48. Kc2 {[%clk 0:39:55]} Rxb5
{[%clk 0:22:56]} 49. Rf1 {[%clk 0:39:19]} Ra5 {[%clk 0:21:43]} 50. Kb2
{[%clk 0:38:37]} Ra7 {[%clk 0:20:49]} 51. Rf2 {[%clk 0:37:24]} Ke4
{[%clk 0:20:31]} 52. Rf3 {[%clk 0:37:12]} Ra8 {[%clk 0:17:24]} 53. Kb1
{[%clk 0:37:00]} Rh8 {[%clk 0:16:37]} 54. Kc2 {[%clk 0:34:13]} Rh5
{[%clk 0:15:17]} 55. Kd2 {[%clk 0:34:07]} Rf5 {[%clk 0:15:14]} 56. Ke2
{[%clk 0:33:40]} Rxf4 {[%clk 0:15:07]} 57. Re3+ {[%clk 0:33:41]} Kf5
{[%clk 0:15:31]} 58. Rd3 {[%clk 0:33:58]} g5 {[%clk 0:14:24]} 59. Rd1
{[%clk 0:32:20]} g4 {[%clk 0:14:19]} 60. Rb1 {[%clk 0:30:38]} g3 {[%clk 0:14:06]}
61. Rxb6 {[%clk 0:30:22]} Ke4 {[%clk 0:13:10]} 62. Rb7 {[%clk 0:30:08]} Rf2+
{[%clk 0:13:29]} 63. Ke1 {[%clk 0:30:02]} Rxg2 {[%clk 0:11:29]} 64. Kf1
{[%clk 0:29:02]} Rf2+ {[%clk 0:11:12]} 65. Kg1 {[%clk 0:29:18]} Kd3
{[%clk 0:11:03]} 66. Rc7 {[%clk 0:29:30]} f5 {[%clk 0:10:39]} 67. Rc6
{[%clk 0:29:40]} Re2 {[%clk 0:10:13]} 68. Rc8 {[%clk 0:29:37]} f4
{[%clk 0:09:59]} 69. Rf8 {[%clk 0:28:40]} Ke4 0-1

[Event "World Chess Olympiad 2018"]
[Site "Batumi"]
[Date "2018.09.24"]
[Round "1"]
[Board "2"]
[WhiteFideId "2504243"]
[White "O`Donnell Conor"]
[BlackFideId "32500122"]
[Black "Deng Khor Kuol Michael"]
[Result "1-0"]
[LiveChessVersion "1.4.8"]
[BlackElo "2000"]
[WhiteElo "2360"]

1. d4 {[%clk 1:30:33]} d5 {[%clk 1:24:19]} 2. c4 {[%clk 1:30:53]} e6
{[%clk 1:23:26]} 3. Nc3 {[%clk 1:31:01]} Nf6 {[%clk 1:22:47]} 4. Nf3
{[%clk 1:30:20]} Be7 {[%clk 1:16:49]} 5. Bf4 {[%clk 1:30:25]} a6 {[%clk 1:07:52]}
6. e3 {[%clk 1:27:00]} Nbd7 {[%clk 1:02:17]} 7. Rc1 {[%clk 1:12:57]} O-O
{[%clk 1:01:34]} 8. cxd5 {[%clk 1:11:38]} exd5 {[%clk 1:00:32]} 9. Bd3
{[%clk 1:10:46]} Re8 {[%clk 0:58:30]} 10. O-O {[%clk 1:08:20]} Nf8
{[%clk 0:55:34]} 11. Ne5 {[%clk 0:57:39]} c6 {[%clk 0:47:02]} 12. Bg3
{[%clk 0:53:36]} Bd6 {[%clk 0:44:19]} 13. f4 {[%clk 0:47:05]} N6d7
{[%clk 0:38:02]} 14. Kh1 {[%clk 0:34:52]} f6 {[%clk 0:34:09]} 15. Nxd7
{[%clk 0:34:47]} Qxd7 {[%clk 0:33:01]} 16. e4 {[%clk 0:32:41]} dxe4
{[%clk 0:31:06]} 17. Nxe4 {[%clk 0:32:54]} Bc7 {[%clk 0:26:01]} 18. Nc5
{[%clk 0:29:21]} Qd8 {[%clk 0:25:04]} 19. Nxb7 {[%clk 0:25:01]} Bxb7
{[%clk 0:23:22]} 20. Qb3+ {[%clk 0:25:24]} Kh8 {[%clk 0:23:33]} 21. Qxb7
{[%clk 0:25:41]} Qxd4 {[%clk 0:21:11]} 22. Bxa6 {[%clk 0:15:18]} Ne6
{[%clk 0:18:54]} 23. Qxc6 {[%clk 0:10:37]} Ba5 {[%clk 0:12:23]} 24. Be1
{[%clk 0:05:26]} Bb6 {[%clk 0:09:16]} 25. Bf2 {[%clk 0:02:45]} Qxb2
{[%clk 0:09:07]} 26. Bxb6 {[%clk 0:02:29]} Nd4 {[%clk 0:07:58]} 27. Bxd4
{[%clk 0:02:33]} Qxd4 {[%clk 0:08:01]} 28. a4 {[%clk 0:01:37]} Rab8
{[%clk 0:07:27]} 29. Bb5 {[%clk 0:01:47]} Rf8 {[%clk 0:06:41]} 30. Rcd1
{[%clk 0:01:37]} Qb4 {[%clk 0:06:40]} 31. Rd7 {[%clk 0:01:07]} Rbc8
{[%clk 0:04:42]} 32. Qb7 {[%clk 0:00:45]} Rb8 {[%clk 0:04:37]} 33. Qf3
{[%clk 0:00:43]} Qb2 {[%clk 0:04:32]} 34. f5 {[%clk 0:00:53]} Rbd8
{[%clk 0:03:15]} 35. Rfd1 {[%clk 0:00:52]} Rxd7 {[%clk 0:03:17]} 36. Rxd7
{[%clk 0:01:00]} Qb4 {[%clk 0:03:33]} 37. Qd1 {[%clk 0:00:51]} h6
{[%clk 0:03:18]} 38. Rd8 {[%clk 0:00:54]} Kh7 {[%clk 0:03:32]} 39. Rxf8
{[%clk 0:01:13]} 1-0

[Event "World Chess Olympiad 2018"]
[Site "Batumi"]
[Date "2018.09.24"]
[Round "1"]
[Board "3"]
[WhiteFideId "32500149"]
[White "Deng Ateny Riak Joseph"]
[BlackFideId "628859"]
[Black "Jessel Stephen"]
[Result "0-1"]
[LiveChessVersion "1.4.8"]
[BlackElo "2317"]
[WhiteElo "2014"]

1. e4 {[%clk 1:27:09]} e6 {[%clk 1:30:39]} 2. d4 {[%clk 1:27:24]} d5
{[%clk 1:30:55]} 3. exd5 {[%clk 1:27:34]} exd5 {[%clk 1:31:11]} 4. Bd3
{[%clk 1:27:54]} c5 {[%clk 1:30:58]} 5. dxc5 {[%clk 1:27:59]} Bxc5
{[%clk 1:31:09]} 6. Nf3 {[%clk 1:27:59]} Nf6 {[%clk 1:30:51]} 7. O-O
{[%clk 1:28:18]} O-O {[%clk 1:31:11]} 8. Nc3 {[%clk 1:25:11]} Nc6
{[%clk 1:24:14]} 9. Bg5 {[%clk 1:22:58]} Be6 {[%clk 1:21:56]} 10. Qd2
{[%clk 1:20:06]} Re8 {[%clk 1:10:57]} 11. Qf4 {[%clk 1:12:29]} h6
{[%clk 0:50:53]} 12. Bxf6 {[%clk 1:12:20]} Qxf6 {[%clk 0:51:07]} 13. Qxf6
{[%clk 1:11:53]} gxf6 {[%clk 0:51:31]} 14. Rad1 {[%clk 1:05:25]} a6
{[%clk 0:44:32]} 15. a3 {[%clk 1:01:02]} Ne5 {[%clk 0:32:26]} 16. Nh4
{[%clk 1:00:16]} Rad8 {[%clk 0:26:35]} 17. h3 {[%clk 0:53:38]} Nc4
{[%clk 0:15:48]} 18. Bxc4 {[%clk 0:53:42]} dxc4 {[%clk 0:16:04]} 19. Ne4
{[%clk 0:53:27]} Be7 {[%clk 0:15:11]} 20. Ng3 {[%clk 0:53:20]} Rxd1
{[%clk 0:05:29]} 21. Rxd1 {[%clk 0:53:25]} Rd8 {[%clk 0:05:31]} 22. Rxd8+
{[%clk 0:53:13]} Bxd8 {[%clk 0:05:50]} 23. c3 {[%clk 0:51:54]} b5
{[%clk 0:04:02]} 24. Nhf5 {[%clk 0:51:15]} Kh7 {[%clk 0:03:44]} 25. Nd4
{[%clk 0:49:56]} Kg6 {[%clk 0:02:20]} 26. Nge2 {[%clk 0:49:51]} f5
{[%clk 0:00:55]} 27. f4 {[%clk 0:49:27]} Bc7 {[%clk 0:00:37]} 28. Kf2
{[%clk 0:49:22]} Kf6 {[%clk 0:00:42]} 29. Ke3 {[%clk 0:49:17]} Bd7
{[%clk 0:00:40]} 30. Nf3 {[%clk 0:48:45]} Bb6+ {[%clk 0:00:40]} 31. Ned4
{[%clk 0:48:45]} Bc7 {[%clk 0:00:52]} 32. Nc2 {[%clk 0:48:11]} Bb6+
{[%clk 0:00:44]} 33. Ke2 {[%clk 0:46:32]} Bc7 {[%clk 0:00:35]} 34. Nb4
{[%clk 0:45:47]} Be6 {[%clk 0:00:45]} 35. g3 {[%clk 0:41:53]} a5 {[%clk 0:01:04]}
36. Nc6 {[%clk 0:41:11]} Bd7 {[%clk 0:00:55]} 37. Nfd4 {[%clk 0:36:45]} Bb6
{[%clk 0:00:33]} 38. Ne5 {[%clk 0:36:21]} Be8 {[%clk 0:00:35]} 39. a4
{[%clk 0:31:20]} Bxd4 {[%clk 0:00:34]} 40. cxd4 {[%clk 1:01:18]} Ke6
{[%clk 0:30:36]} 41. axb5 {[%clk 0:58:32]} Bxb5 {[%clk 0:28:30]} 42. Kd2
{[%clk 0:57:25]} f6 {[%clk 0:26:32]} 43. Nf3 {[%clk 0:57:12]} Bc6
{[%clk 0:20:26]} 44. Ng1 {[%clk 0:54:27]} Bg2 {[%clk 0:18:26]} 45. h4
{[%clk 0:48:56]} Kd5 {[%clk 0:17:13]} 46. Ke3 {[%clk 0:48:54]} c3
{[%clk 0:13:35]} 47. bxc3 {[%clk 0:48:28]} Kc4 {[%clk 0:13:37]} 48. Kd2
{[%clk 0:47:38]} a4 {[%clk 0:13:28]} 49. Kc2 {[%clk 0:43:29]} a3 {[%clk 0:11:40]}
50. Kb1 {[%clk 0:41:07]} Kxc3 {[%clk 0:09:09]} 51. Ka2 {[%clk 0:37:48]} Kxd4
{[%clk 0:09:03]} 52. Ne2+ {[%clk 0:37:52]} Ke3 {[%clk 0:07:37]} 53. Nc3
{[%clk 0:37:11]} Kf2 {[%clk 0:07:12]} 54. h5 Kxg3 {[%clk 0:06:41]} 55. Kxa3
{[%clk 0:32:13]} Kxf4 {[%clk 0:06:24]} 56. Kb2 {[%clk 0:32:15]} Bf3
{[%clk 0:02:38]} 57. Nb5 {[%clk 0:30:50]} Bxh5 {[%clk 0:02:19]} 58. Kc3
{[%clk 0:30:51]} Ke3 {[%clk 0:02:11]} 59. Nd6 {[%clk 0:30:41]} Bg4
{[%clk 0:01:57]} 60. Nc4+ {[%clk 0:30:41]} Ke2 {[%clk 0:01:45]} 61. Kd4
{[%clk 0:30:23]} h5 {[%clk 0:01:47]} 62. Ne3 {[%clk 0:30:26]} h4 {[%clk 0:01:46]}
63. Ng2 {[%clk 0:30:40]} h3 {[%clk 0:02:07]} 64. Nf4+ {[%clk 0:31:02]} Kf3
{[%clk 0:02:24]} 65. Nxh3 {[%clk 0:31:08]} Bxh3 {[%clk 0:02:47]} 0-1

[Event "World Chess Olympiad 2018"]
[Site "Batumi"]
[Date "2018.09.24"]
[Round "1"]
[Board "1"]
[WhiteFideId "3000010"]
[White "Rodriguez Vila Andres"]
[BlackFideId "1928090"]
[Black "Carapinha Francisco Manuel"]
[Result "1-0"]
[LiveChessVersion "1.4.8"]
[BlackElo "1476"]
[WhiteElo "2477"]

1. e4 {[%clk 1:30:56]} e5 {[%clk 1:30:53]} 2. Nf3 {[%clk 1:31:22]} Nc6
{[%clk 1:31:19]} 3. Bc4 {[%clk 1:31:47]} Bc5 {[%clk 1:31:12]} 4. c3
{[%clk 1:32:12]} Nf6 {[%clk 1:30:18]} 5. d4 {[%clk 1:32:37]} exd4
{[%clk 1:28:05]} 6. cxd4 {[%clk 1:33:04]} Bb4+ {[%clk 1:27:12]} 7. Nc3
{[%clk 1:33:29]} O-O {[%clk 1:26:05]} 8. O-O {[%clk 1:33:45]} Bxc3
{[%clk 1:17:11]} 9. bxc3 {[%clk 1:34:06]} Nxe4 {[%clk 1:13:36]} 10. d5
{[%clk 1:34:31]} Na5 {[%clk 1:09:49]} 11. Bd3 {[%clk 1:34:52]} Re8
{[%clk 1:05:07]} 12. Qa4 {[%clk 1:35:10]} Nc5 {[%clk 0:47:53]} 13. Bxh7+
{[%clk 1:34:35]} Kxh7 {[%clk 0:34:03]} 14. Qxa5 {[%clk 1:35:01]} b6
{[%clk 0:32:38]} 15. Qb4 {[%clk 1:35:26]} Re4 {[%clk 0:27:49]} 16. Ng5+
{[%clk 1:34:40]} Qxg5 {[%clk 0:25:24]} 17. Bxg5 {[%clk 1:35:08]} Rxb4
{[%clk 0:25:07]} 18. cxb4 {[%clk 1:35:36]} Ne4 {[%clk 0:24:34]} 19. Bf4
{[%clk 1:35:57]} Ba6 {[%clk 0:21:09]} 20. Rfc1 {[%clk 1:35:43]} c5
{[%clk 0:15:44]} 21. dxc6 {[%clk 1:34:41]} dxc6 {[%clk 0:16:00]} 22. Rxc6
{[%clk 1:35:05]} Rc8 {[%clk 0:13:58]} 23. b5 {[%clk 1:35:23]} Bb7
{[%clk 0:13:58]} 24. Rxc8 {[%clk 1:35:47]} Bxc8 {[%clk 0:14:18]} 25. a4
{[%clk 1:36:10]} Nc3 {[%clk 0:12:47]} 26. Be5 {[%clk 1:36:29]} Nd5
{[%clk 0:11:48]} 27. Rc1 {[%clk 1:36:49]} Be6 {[%clk 0:10:41]} 28. Bb8
{[%clk 1:37:08]} 1-0